000
00283nam a22001337a 4500
003
SGT
082
_a
150
_b
P18B
100
_a
BAUMGARDNER, STEVE
245
_a
POSITIVE PSYCHOLOGY
260
_a
INDIA
_b
PERSON
_c
2018
300
_a
334
650
_a
PSYCHOLOGY
942
_2
ddc
_c
BK
_0
7
999
_c
15086
_d
15086